000 00694cam a22001934a 4500
005 20250605164346.0
008 250528s ||||||||||||||||||||||||d
035 _a23874
040 _aGR-AtMCL
_bgre
_dGR-AtMCL
_eAACR2
245 1 _aDialoguing Across Divisions / Responses to Terror, Couple Therapy, Educational Engagement
260 _c2005
300 _a63
520 _aThree Views on Hate, Similarities and Differences Between Traditions, Pulling Together or Pulling Apart?, Where Next?, The Evolution of Couple Therapy, Engaging Work.
700 1 _aSutton Jon
_99351
942 _cCR
710 2 _aThe British Psychological Society
_99823
999 _c8793
_d8793